Countries of Europe in French - Statistics

General Stats
  • This quiz has been taken 33 times
  • The average score is 31 of 46
Answer Stats
Hint Answer Gender % Correct
Monaco Monaco M
96%
Italy Italie F
91%
Portugal Portugal M
91%
Spain Éspagne F
87%
France France F
87%
Luxembourg Luxembourg M
87%
Croatia Croatie F
83%
Malta Malte F
83%
Russia Russie F
83%
Slovenia Slovénie F
83%
Switzerland Suisse F
83%
Belgium Belgique F
78%
Estonia Estonie F
78%
Liechtenstein Liechtenstein M
78%
Serbia Serbie F
78%
Ukraine Ukraine F
78%
Germany Allemagne F
74%
England Angleterre F
74%
Ireland Irlande F
74%
Albania Albanie F
70%
Andorra Andorre F
70%
Kosovo Kosovo M
70%
Norway Norvège F
70%
San Marino Saint Marin M
70%
Bulgaria Bulgarie F
65%
Iceland Islande F
65%
Poland Pologne F
65%
Scotland Écosse F
61%
Finland Finlande F
61%
Lithuania Lituanie F
61%
Netherlands Pays-Bas Pl
61%
Sweden Suède F
61%
Greece Grèce F
57%
Montenegro Monténégro M
57%
Denmark Danemark M
52%
Latvia Lettonie F
52%
North Macedonia Macédoine du Nord F
48%
Moldova Moldavie F
48%
Romania Roumanie F
48%
Slovakia Slovaquie F
48%
Cyprus Chypre M
43%
Vatican City Cité du Vatican F
43%
Belarus Biélorussie F
39%
Bosnia & Herzegovina Bosnie Herzégovine F
39%
Wales Pays de Galles M
39%
Czechia Tchéquie F
30%
No matching quizzes found
Score Distribution
Percent of People with Each Score
Percentile by Number Answered
Your Score History
You have not taken this quiz